000 00672nam a2200205 a 4500
001 BRCA_6323
005 20190320205419.0
008 080811s1908----gw-#######---#000-0#ger-#
041 _ager
044 _agw
050 4 _aQA551
_b.L84 1908
100 1 _aLübsen, H. B.
_d1801-1864.
_q(Heinrich Borchert)
_915862
245 1 0 _aAusführliches Lehrbuch der analytischen dorder Höhern Geometrie
_cZum selbstunterricht mit Rücksicht auf Notwendigste und Wichtigste bearbeitet von H. B. Lübsen.
260 _aLeipzig
_bF. Brandstetter
_c1908
300 _aiv, 227 p.
_c22 cm.
500 _aK184
650 1 4 _aGeometría analítica
_915863
902 _aGFM
942 _2lcc
_cB
999 _c6009
_d6009